Principles of electroanalytical methods : (Record no. 17246)
[ view plain ]
| 000 -LEADER | |
|---|---|
| fixed length control field | 01722nam a22003135a 4500 |
| 001 - CONTROL NUMBER | |
| control field | 15870164 |
| 005 - DATE AND TIME OF LATEST TRANSACTION | |
| control field | 20240818092944.0 |
| 008 - FIXED-LENGTH DATA ELEMENTS--GENERAL INFORMATION | |
| fixed length control field | 090813r20081987enka frb 001 0 eng |
| 020 ## - INTERNATIONAL STANDARD BOOK NUMBER | |
| International Standard Book Number | 9788126517312 |
| 040 ## - CATALOGING SOURCE | |
| Original cataloging agency | EG-ScBUE |
| Language of cataloging | eng |
| Transcribing agency | EG-ScBUE |
| 082 04 - DEWEY DECIMAL CLASSIFICATION NUMBER | |
| Classification number | 543.0871 |
| Item number | RIL |
| Edition number | 22 |
| 100 1# - MAIN ENTRY--PERSONAL NAME | |
| Personal name | Riley, Tom. |
| 9 (RLIN) | 32449 |
| 245 10 - TITLE STATEMENT | |
| Title | Principles of electroanalytical methods : |
| Remainder of title | Analytical chemistry by open learning / |
| Statement of responsibility, etc | Tom Riley , Colin Tomlinson; editor Arthur M. James. |
| 260 ## - | |
| -- | London : |
| -- | John Wiley& Sons , |
| -- | 2008 |
| 300 ## - PHYSICAL DESCRIPTION | |
| Extent | xx, 252 p. : |
| Other physical details | ill. ; |
| Dimensions | 26 cm. |
| 336 ## - CONTENT TYPE | |
| Source | rdacontent |
| Content type term | text |
| Content type code | txt |
| 337 ## - MEDIA TYPE | |
| Media type term | unmediated |
| Source | rdamedia |
| Media type code | n |
| 338 ## - CARRIER TYPE | |
| Carrier type term | volume |
| Carrier type code | nc |
| Source | rdacarrier |
| 504 ## - BIBLIOGRAPHY, ETC. NOTE | |
| Bibliography, etc | Includes bibliographical references. |
| 505 0# - FORMATTED CONTENTS NOTE | |
| Formatted contents note | History of public health -- Public health at the local, state, national, and global Levels -- Role of law in public health -- Ethics and economics in public health -- Determinants of health -- Cultural competence in public health -- Health promotion -- Disease prevention -- Epidemiology and disease -- Describing populations -- Community health -- Tobacco control programs -- A community pharmacy influenza vaccination service -- A community health worker program for obesity prevention in a minority population -- Campus-based tuberculosis service -- Emergency preparedness planning and response -- Domestic violence prevention : improving services for perpetrators. |
| 590 ## - LOCAL NOTE (RLIN) | |
| Local note | Menna Elemam |
| 650 #0 - SUBJECT ADDED ENTRY--TOPICAL TERM | |
| Topical term or geographic name as entry element | Electrochemical analysis |
| 9 (RLIN) | 32450 |
| Source of heading or term | BUEsh |
| 650 #0 - SUBJECT ADDED ENTRY--TOPICAL TERM | |
| Topical term or geographic name as entry element | Chemistry, Analytic |
| 9 (RLIN) | 12351 |
| Source of heading or term | BUEsh |
| 651 ## - SUBJECT ADDED ENTRY--GEOGRAPHIC NAME | |
| Source of heading or term | BUEsh |
| 653 ## - INDEX TERM--UNCONTROLLED | |
| Resource For college | Pharmacy |
| Arrived date list | August2015 |
| 700 1# - ADDED ENTRY--PERSONAL NAME | |
| Personal name | Tomlinson, Colin. |
| 700 1# - ADDED ENTRY--PERSONAL NAME | |
| Personal name | James, Arthur M. |
| 942 ## - ADDED ENTRY ELEMENTS (KOHA) | |
| Source of classification or shelving scheme | Dewey Decimal Classification |
| Koha item type | Book - Borrowing |
| Call number prefix | 543.0871 RIL |
| Classification part | RDA-MOD |
| Withdrawn status | Lost status | Source of classification or shelving scheme | Damaged status | Not for loan | Home library | Current library | Shelving location | Date acquired | Source of acquisition | Cost, normal purchase price | Serial Enumeration / chronology | Total Checkouts | Total Renewals | Full call number | Barcode | Checked out | Date last seen | Date checked out | Koha item type |
|---|---|---|---|---|---|---|---|---|---|---|---|---|---|---|---|---|---|---|---|
| Dewey Decimal Classification | Central Library | Central Library | First floor | 06/02/2013 | 325.00 | 139 | 3 | 1 | 543.0871 RIL | 000028016 | 18/03/2021 | 16/02/2021 | 16/02/2021 | Book - Borrowing |